| 000 -LEADER |
| fixed length control field |
00828nam a22002657a 4500 |
| 008 - FIXED-LENGTH DATA ELEMENTS--GENERAL INFORMATION |
| fixed length control field |
131129b xxu||||| |||| 00| 0 ger d |
| 020 ## - INTERNATIONAL STANDARD BOOK NUMBER |
| International Standard Book Number |
3854282583 |
| 041 0# - LANGUAGE CODE |
| Language code of text/sound track or separate title |
ger |
| 080 ## - UNIVERSAL DECIMAL CLASSIFICATION NUMBER |
| Universal Decimal Classification number |
346.7 |
| Common auxiliary subdivision |
(437) |
| 100 1# - Rafti |
| Rafti |
Dedić, Jan |
| 245 10 - TITLE STATEMENT |
| Title |
Tschechisches und slowakisches wirtschaftsrecht : |
| Statement of responsibility, etc |
Jan Dedić, Christian Baumgartner |
| 260 ## - |
| -- |
Wien : |
| -- |
Service fachverlag ; |
| -- |
1994. |
| 300 ## - |
| -- |
233 f. : |
| -- |
21 cm. |
| 490 ## - |
| -- |
Schriftenreihe des FOWI |
| -- |
Band 5 |
| 500 ## - |
| -- |
Vorwort : f. 5 - 6 |
| 505 ## - |
| -- |
Literaturverzeichnis : f. 233 |
| 650 #0 - |
| -- |
E drejta e ekonomise |
| -- |
Cekia |
| 650 #0 - |
| -- |
E drejta e ekonomise |
| -- |
Sllovakia |
| 700 1# - |
| -- |
Dedić, Jan |
| 700 1# - |
| -- |
Baumgartner, Christian |
| 700 1# - |
| -- |
Doralt, Peter |
| 700 1# - |
| -- |
Haschek, Helmut H. |
| 700 1# - |
| -- |
Schauer, Martin |
| 942 ## - ADDED ENTRY ELEMENTS (KOHA) |
| Source of classification or shelving scheme |
|
| Item type |
Books |